000 03215nam a22002417a 4500
003 BJBSDDR
005 20260515163914.0
006 a|||||r|||| 00| 0
007 ta
008 260515s20252023nyu|||||r|||| 00| 0 eng d
020 _a9780593653661
040 _bspa
_cBJBSDDR
041 _aeng
050 _bG761h 2025
100 1 _aGrant, Adam M.,
_d1981-
_943549
245 1 0 _aHidden potential :
_bthe science of achieving greater things /
_cAdam Grant.
260 _aNew York, NY :
_bPenguin Books, an imprint of Penguin Random House LLC,
_c2025
300 _a290 pages :
_billustrations ;
_c22 cm
505 _aContenidos : Prologue : growing roses from concrete Skills of character : getting better at getting better. Creatures of discomfort : embracing the unbearable awkwardness of learning Human sponges : building the capacity to absorb and adapt The imperfectionists : finding the sweet spot between flawed and flawless Structures for motivation : scaffolding to overcome obstacles. Transforming the daily grind : infusing passion into practice Getting unstuck : the roundabout path to forward progress Defying gravity : the art of flying by our bootstraps Systems of opportunity : opening doors and windows. Every child gets ahead : designing schools to bring out the best in students Mining for gold : unearthing collective intelligence in teams Diamonds in the rough : discovering uncut gems in job interviews and college admissions Epilogue : going the distance
520 _aThe #1 New York Times bestselling author of Think Again illuminates how we can elevate ourselves and others to unexpected heights. We live in a world that's obsessed with talent. We celebrate gifted students in school, natural athletes in sports, and child prodigies in music. But admiring people who start out with innate advantages leads us to overlook the distance we ourselves can travel. We underestimate the range of skills that we can learn and the amount of ground that we can gain. When opportunity doesn't knock, there are ways to build a door. Hidden Potential offers a new framework for reaching aspirations and exceeding expectations. Realizing potential isn't about being a workaholic or a perfectionist. What matters most is not how hard we work, but how well we learn. It's not about being a genius--growth depends more on developing character skills than cognitive skills. The character skills that propel progress include the proactivity to absorb and adapt to new information, the courage to embrace discomfort, and the determination to find the beauty in imperfections. Mastering those skills doesn't require us to find the one perfect mentor or expert coach to guide us. Often we just need to borrow a compass to begin charting our own path. And we can clear the path for more people by building better systems of opportunity in our schools, teams, and workplaces. Many writers have chronicled the habits of superstars who accomplish great things. This book breaks new ground by revealing how anyone can rise to achieve greater things. The true measure of your potential isn't the height of the peak you reach, but how far you climb to get there.
942 _2lcc
_n0
_cBK
946 _illh
999 _c127114
_d127114